000 01345cam a2200313 a 4500
003 CUTN
005 20190215152634.0
008 030723s2003 ii b 001 0 eng
020 _a8125024565
020 _a9788125024569
041 _aEnglish
082 _a338.542
_bMAN
100 1 _aManikumar, K. A.
245 1 2 _aA colonial economy in the Great Depression, Madras (1929-1937) /
_cK.A. Manikumar.
260 _aChennai :
_bOrient Longman,
_cc2003.
300 _axii, 226 p. ;
_c22 cm.
500 _aOriginally presented as the author's thesis (Ph. D.--University of Madras, 1989).
505 _tThe Depression and Its Onset
_tTamilnadu on the Eve of the Depression
_tAgriculture
_tIndustry
_tFiscal and Monetary Policy of the Colonial State
_tThe Government's Remedial Measures
_tSociety and Politics
520 _aOn the impact of the Great Depression, 1929 on the economic condition of Madras Presidency.
650 0 _aDepressions
650 0 _aIndia--Madras (Presidency)
650 0 _aIndia--Tamil Nadu - Economic history
942 _2ddc
_cBOOKS
504 _aIncludes bibliographical references (p. 211-221) and index.
650 0 _y1929
_zIndia
_zMadras (Presidency)
651 0 _aMadras (India : Presidency)
_xEconomic conditions.
906 _a7
_bcbc
_corigode
_d3
_encip
_f20
_gy-gencatlg
999 _c27007
_d27007